书目信息

书名: 新乡小麦 
作者: 牛新印 张东升 蒋志凯 编著
出版信息: 北京   中国农业科学技术出版社  2025.1
开本页数: 24cm  249页, [11] 页图版
丛书名:
单 册:
中图分类: S512
科图分类:
主题词: 小麦--xiao mai--品种--新乡市
电子资源:
ISBN: 978-7-5116-7081-6
000 01616nam0 2200277 450
001 012025000315
005 20250509114158.1
010    @a978-7-5116-7081-6@dCNY68.00
100    @a20250507d2025 em y0chiy50 ea
101 @achi
102    @aCN@b110000
105    @aafk z 000yy
106    @ar
200 @a新乡小麦@Axin xiang xiao mai@f牛新印 ... [等] 编著
210    @a北京@c中国农业科学技术出版社@d2025.1
215    @a249页, [11] 页图版@c彩图@d24cm
304    @a题名页题: 牛新印, 张东升, 蒋志凯, 胡铁柱编著
314    @a牛新印, 男, 河南延津县人, 河南联邦种业有限公司首席小麦育种专家, 高级农艺师、董事长, 河南省小麦抗病育种工程技术研究中心主任。张东升, 男, 河南孟州人, 新乡市农业技术推广站站长, 农技推广研究员, 长期从事小麦植保与栽培技术研究与推广工作。蒋志凯, 男, 河南辉县人, 二级研究员。一直在新乡市农业科学院从事小麦科学研究工作, 并取得多项重要研究成果。
330    @a本书主要从如何稳定小麦生产, 做优小麦产业的角度, 提出区位优势、科技指导、政策扶持、产业支撑、新业态引导等综合性策略。书中主要包含以下内容: 小麦的基本常识、新乡小麦概况、小麦生长发育、小麦产量构成、小麦品质与优质麦生产、小麦品种、小麦生长与土壤、小麦生长与养分、小麦生长与水分、小麦生长与气候、小麦播种、小麦生长前期、小麦生长中期、小麦生长后期、小麦生产组织与产量验收、小麦栽培经验、无公害、绿色食品、有机小麦、小麦生产效益、关于小麦的其他相关资料。
606 @a小麦@Axiao mai@x品种@y新乡市
690    @aS512@v5
701  0 @a牛新印@Aniu xin yin@4编著
701  0 @a张东升@Azhang dong sheng@4编著
701  0 @a蒋志凯@Ajiang zhi kai@4编著
801  0 @aCN@bCDNYKJZYXY@c20250507
905    @aCDNYKJZYXY@b300725149-51@dS512@e236@f3
    
    新乡小麦/牛新印 ... [等] 编著.-北京:中国农业科学技术出版社,2025.1
    249页, [11] 页图版:彩图;24cm
    
    
    ISBN 978-7-5116-7081-6:CNY68.00
    本书主要从如何稳定小麦生产, 做优小麦产业的角度, 提出区位优势、科技指导、政策扶持、产业支撑、新业态引导等综合性策略。书中主要包含以下内容: 小麦的基本常识、新乡小麦概况、小麦生长发育、小麦产量构成、小麦品质与优质麦生产、小麦品种、小麦生长与土壤、小麦生长与养分、小麦生长与水分、小麦生长与气候、小麦播种、小麦生长前期、小麦生长中期、小麦生长后期、小麦生产组织与产量验收、小麦栽培经验、无公害、绿色食品、有机小麦、小麦生产效益、关于小麦的其他相关资料。
相关链接 在五车中查询图书 在当当中查询图书 在豆瓣中查询图书


正题名:新乡小麦     索取号:S512/236         预约/预借

序号 登录号 条形码 馆藏地/架位号 状态 备注
1 725149   300725149   柳城-4楼/14架6列3层/ [索取号:S512/236] 在馆    
2 725150   300725150   柳城-4楼/14架6列3层/ [索取号:S512/236] 在馆    
3 725151   300725151   柳城-4楼/14架6列3层/ [索取号:S512/236] 在馆